Statistics for Dear Winter - AJR Lyrics

Click here to take the quiz!

General Stats

  • This quiz has been taken 78 times
  • The average score is 232 of 270

Answer Stats

Answer% Correct
I
100%
you
100%
You
100%
Dear
98%
dear
98%
hope
98%
When
98%
when
98%
your
98%
a
96%
like
96%
name
96%
Winter
96%
Winter,
96%
mom
92%
to
92%
don't
90%
fun
90%
girl
90%
go
90%
make
90%
me
90%
of
90%
school,
90%
they
90%
and
88%
And
88%
But
88%
gotta
88%
in
88%
just
88%
badass
87%
for
87%
is
87%
my
87%
shit,
87%
anyone
85%
ask
85%
'Cause
85%
grow
85%
on
85%
up
85%
day
83%
first
83%
First,
83%
I'm
83%
It
83%
it
83%
meet
83%
or
83%
boys
81%
girls
81%
stay
81%
talk
81%
about
79%
doesn't
79%
okay?
79%
out
79%
That
79%
that
79%
too
79%
at
77%
can
77%
curse
77%
find
77%
night
77%
seem
77%
how
75%
really
75%
still
75%
teach
75%
tonight
75%
was
75%
wish
75%
you're
75%
every
73%
hear
73%
long
73%
parenting
73%
song
73%
there's
73%
wrong
73%
no
71%
scream
71%
thirteen
71%
this
71%
wanna
71%
it's
69%
know
67%
won't
67%
away
65%
be
65%
hovering
65%
wait
65%
Will
65%
earth
63%
even
63%
far
63%
move
63%
shot
63%
we
63%
head
62%
Oh,
62%
hoping
60%
inside
60%
lot
60%
text
60%
charge
58%
mind
58%
say
58%
someday,
58%
take
58%
21st
56%
let
56%
longer
56%
with
56%
hang
54%
please
52%
cannot
50%
looking
50%

Score Distribution

Percentile by Number Answered

Percent of People with Each Score

Your Score History

You have not taken this quiz